00422nam a2200133Ia 4500082001200000100001700012245008000029260003300109300001000142650004700152650003900199650002900238710002100267 aTS.0867 aSood, Neelam 0aBehavioural problems among children aged 6-11 years : A psychological study c1993bBarkatullah University a233p. aBEHAVIOURAL ASSESSMENT OF CHILDREN - DELHI aBEHAVIOUR, CHILD//CHILD PSYCHOLOGY aCHILD PSYCHOLOGY - DELHI aMisra, Girishwar